000 00648nam a2200181 a 4500
008 120416s1994 ||||||||||||||||| || u
020 _a1853832197
050 _aHD 9750 Eco
100 _aBarbier, Edward B. [et al]
245 1 4 _aThe economics of the tropical timber trade
_cEdward B. Barbier [et al]
260 _aLondon
_bEarthscan
_c1994
300 _axii, 179p. : Ill
350 _a0.00
650 _aMANUFACTURING
650 _aTIMBER
650 _aTIMBER TRADE--ECONOMIC ASPECTS
995 _D0.00
_FCBU-MAIN LIBRARY (Kitwe)
_H1
_I0.00
_M1
_UAVAILABLE
_ZMain Library Open Access Collection
999 _c41061
_d41061